000
00373nam a22001577a 4500
003
MPLRDC
005
20220104142838.0
008
210129b ||||| |||| 00| 0 eng d
082
_a
558.01 XGZY
100
_a
不详
245
_a
国际贸易知识
_c
260
_a
_b
香港朝阳出版社
_c
1973
300
_b
平
650
_a
贸易理论
942
_c
BK
_o
558.01 XGZY
999
_c
34189
_d
34179